Informatizácia vo výučbe

K podmienkam vzdelania na Ekonomickej Univerzite v Bratislave patrí aj absolvovanie vzdelávania v rámci predmetu Podnikové hospodárstvo. Interaktívne formy výučby tvoria spolu s klasickými metódami optimálne vzdelávacie metódy. E-learning sa presadzuje ako prostriedok na efektívne poskytovanie infor...

Full description

Saved in:
Bibliographic Details
Main Author: Križan, Martin
Other Authors: Littvová, Veronika
Format: Book Chapter
Language:Slovak
Subjects:
Tags: Add Tag
No Tags, Be the first to tag this record!

MARC

LEADER 00000nla a2200000 4500
001 0163249
005 20240502072832.3
041 0 |a slo 
044 |a SK 
245 1 0 |a Informatizácia vo výučbe  |c Martin Križan, Veronika Littvová 
520 |a K podmienkam vzdelania na Ekonomickej Univerzite v Bratislave patrí aj absolvovanie vzdelávania v rámci predmetu Podnikové hospodárstvo. Interaktívne formy výučby tvoria spolu s klasickými metódami optimálne vzdelávacie metódy. E-learning sa presadzuje ako prostriedok na efektívne poskytovanie informácií o službách, produktoch alebo spoločnostiach a predstavuje jeden zo základných cieľov implementácie programu informačnej spoločnosti. 
610 2 0 |a vzdelávanie vysokoškolské 
610 2 0 |a štúdium vysokoškolské 
610 2 0 |a programy študijné 
610 2 0 |a predmety učebné 
610 2 0 |a hospodárstvo podnikové 
610 2 0 |a informatizácia 
100 1 |a Križan, Martin 
700 1 |a Littvová, Veronika